Communication criticism : developing your critical powers
Saved in:
| Main Author: | |
|---|---|
| Format: | Book |
| Language: | English |
| Published: |
Thousand Oaks :
Sage Publications,
1998
|
| Series: | Rhetoric & society ;
; 2 |
| Subjects: | |
| Tags: |
Add Tag
No Tags, Be the first to tag this record!
|
MARC
| LEADER | 00000nam a2200000 i 4500 | ||
|---|---|---|---|
| 001 | 1/13666 | ||
| 008 | 001129s1998 eng d | ||
| 020 | |a 0-7619-0630-4 | ||
| 035 | |l 10064708 | ||
| 040 | |a GR-MY-UA |b gre |e aacr | ||
| 041 | 0 | |a eng | |
| 082 | 0 | |a 302.2 | |
| 100 | 1 | |a Cohen, Jodi R. | |
| 245 | 1 | 0 | |a Communication criticism : |b developing your critical powers / |c Jodi R. Cohen |
| 260 | |a Thousand Oaks : |b Sage Publications, |c 1998 | ||
| 300 | |a xiv, 220 p.; |c 24 cm | ||
| 490 | 1 | |a Rhetoric & society |v ; 2 | |
| 504 | |a Includes bibliographical references and index | ||
| 650 | 0 | 0 | |a Communication criticism. |
| 830 | 0 | |a Rhetoric & society ; |v ; 2 | |
| 852 | |a INST |b LESVOS |e 20001129 |h 302.2 COH |p 005100029507 |q 005100029507 |t BK |y 0 | ||
| 901 | |a BIBL1-2000-3 | ||
| 909 | |a Λ |b 082801 | ||
| 922 | |a 1ΕΛΗ |b 200011 |c ΤΑΚ/ΠΤΕ |d ΜΙΧΑΛΟΠΟΥΛΟΣ | ||
| 950 | |a 185-2000-09-13 | ||
| 970 | |a ΜΟΥΣΤΑΚΑ |b ΠΗΝΕΛΟΠΗ |z 2000/12/01 | ||